LEADER 01315nam--2200373---450- 001 990002227990203316 005 20090728100525.0 035 $a000222799 035 $aUSA01000222799 035 $a(ALEPH)000222799USA01 035 $a000222799 100 $a20041201d1983----km-y0itay0103----ba 101 $aita 102 $aIT 105 $a||||||||001yy 200 1 $aFamiglia e reddito$ela redistribuzione monetaria del reddito in funzione delle situazioni familiari$erapporto del 2. gruppo di lavoro$fCommissione nazionale per i problemi della famiglia 210 $aRoma$cIstituto poligrafico e zecca dello Stato$d1983 215 $a310 p.$d24 cm 300 $aIn testa al front.: Ministero del lavoro e della previdenza sociale : Direzione generale dei rapporti di lavoro 410 0$12001 454 1$12001 461 1$1001-------$12001 606 0 $aFamiglia$xReddito$xStudi 676 $a339.2 710 02$aCommissione nazionale per i problemi della famiglia$0329093 801 0$aIT$bsalbc$gISBD 912 $a990002227990203316 951 $a339.2 FAM 1 (IG III 511)$b18057 E.C.$cIG III$d00237559 959 $aBK 969 $aGIU 979 $aSIAV2$b10$c20041201$lUSA01$h1137 979 $aRSIAV5$b90$c20090728$lUSA01$h1005 996 $aFamiglia e reddito$91035194 997 $aUNISA